000 01244naa a22003017a 4500
001 BR6009160
003 BR-BrBNA
005 20240918172948.0
007 ta
008 230509b bl.||||| |||| 00| 0 por d
040 _aBR-BrBNA
_bpor
_cBiblioteca Nacional de Agricultura
041 _a(Pt)
072 _aE70
_b9000
_bG514
090 _aE70 BR6009160
100 1 _aBrandao, F.
111 1 _a3. Reuniao da Sociedade Brasileira de Economistas Rurais
_cVicosa, MG (Brazil)
_d5 Nov 1962
245 1 _aA CASEMG na economia rural de Minas Gerais [Companhia de Armazens e Silos do Estado de Minas Gerais S.A.; Brasil]
260 3 _aVicosa, MG (Brasil):
_bUniversidade Rural do Estado de Minas Gerais,
_c1963.
500 _aAnais da 3. Reuniao da Sociedade Brasileira de Economistas Rurais Vicosa, MG (Brasil): Universidade Rural do Estado de Minas Gerais, 1963. p. 189-202 (BR6009160-AM)E70
650 _aComercializacao
650 _aAlimento
650 _aArmazenamento de alimento
650 _aConsumo
650 _aExportacao
773 0 _tAnais da 3. Reuniao da Sociedade Brasileira de Economistas Rurais
_b
_wE70 BR6009160
_gVicosa, MG (Brasil), 1963. p. 189-202
909 _a202404
_bLucia
_c55
_dLucia Elande
942 _cAM
_2AGRIS
999 _c302261
_d302261